00298nam a2200121 i 4500001000300000100002300003245006600026260001900092040000800111041000800119080000800127008004100135bg1 aDAY, William Allan 0aTermodinamika prostych sred s pamjat'ju /cWilliam Allan Day. aMoskva,c1974. cBPK apol a536 s pl f |000 0 pol